000 00672nam a2200277Ia 4500
005 20260324114828.0
008 008 260324s9999 xx 000 0 eng d
020 _a9781003098041
037 _aEBOOK
040 _aCRL
040 _beng
040 _cCRL
041 _2eng
041 _aeng
084 _qCRL
100 _aBaoping Jiang; Hamid Reza Karimi
_91152320
245 0 _aSliding Mode Control of Semi-Markovian Jump Systems
260 _bTaylor and Francis
260 _c2021
365 _a
365 _b305
856 _uhttp://www.taylorfrancis.com/books/9781003098041
942 _cEBOOK
999 _c1742730
_d1742730